Nam tước Phongonrinh

সংরক্ষণ করুন:
গ্রন্থ-পঞ্জীর বিবরন
প্রধান লেখক: Yu. Mikhailich
বিন্যাস: গ্রন্থ
প্রকাশিত: H. Nxb. Thanh Niên 1982
ট্যাগগুলো: ট্যাগ যুক্ত করুন
কোনো ট্যাগ নেই, প্রথমজন হিসাবে ট্যাগ করুন!
Thư viện lưu trữ: Mạng thư viện Đại học Đà Nẵng
LEADER 00810nam a2200253 4500
001 000014485
003 10851
005 20150812150841.0
008 120503s1982 sd
082 1 |a 891.73  |b MI-Y 
100 0 |a Yu. Mikhailich 
245 0 0 |a Nam tước Phongonrinh  |c Yu. Mikhailich; Trọng Phan, Hà Bắc dịch 
260 |a H.  |b Nxb. Thanh Niên  |c 1982 
300 |a 2 tập 
774 |a Mikhailich, Yu.  |d Thanh niên  |d H.  |d 1982  |g T. 2  |h 399tr.  |n Dịch từ tiếng Nga  |w 10850 
774 |a Mikhailich, Yu.  |d Thanh niên  |d H.  |d 1982  |g T. 1  |h 423tr.  |n Dịch từ tiếng Nga  |w 10900 
OWN |a LSP 
999 |a From the UDN01 
TYP |a Monograph 
TYP |a Printed language 
980 |a Mạng thư viện Đại học Đà Nẵng